|
|
|
|
| LEADER |
00000nab a2200000 a 4500 |
| 001 |
vtls010503130 |
| 003 |
SK-MaSNL |
| 005 |
20260303235146.0 |
| 008 |
130411 xo m p 000 0 cze |
| 015 |
|
|
|a SNBRB2013/04
|2 lmaosk
|
| 040 |
|
|
|a LMAOSK
|b slo
|c LMAOSK
|e AACR2
|
| 041 |
|
|
|a cze
|
| 044 |
|
|
|a xo
|c SK
|
| 080 |
|
|
|a 327.5
|2 2001
|
| 080 |
|
|
|a 327.37
|2 2001
|
| 080 |
|
|
|a 341.67
|2 2001
|
| 080 |
|
|
|a (046)
|2 2001
|
| 100 |
1 |
|
|a Soušek, Tomáš
|4 aut
|9 1084948
|
| 245 |
1 |
0 |
|a Spirála odzbrojení se zastavila
|c Tomáš Soušek ; foto Pavel Vanka
|
| 300 |
|
|
|b Fotogr., tab.
|
| 650 |
0 |
7 |
|a medzinárodná bezpečnosť
|2 SNKPH
|9 2672
|
| 650 |
0 |
7 |
|a odzbrojenie
|2 SNKPH
|9 1721
|
| 650 |
0 |
7 |
|a zmluvy o odzbrojení
|2 LMAOSK
|9 1273567
|
| 650 |
0 |
7 |
|a International security
|2 SNKPHeng
|9 311361
|
| 650 |
0 |
7 |
|a Disarmament
|2 SNKPHeng
|9 406808
|
| 655 |
|
7 |
|a články
|2 SNKPH
|9 70601
|
| 655 |
|
7 |
|a Journal articles
|2 SNKPH
|9 279737
|
| 700 |
1 |
|
|a Vanka, Pavel
|4 pht
|9 1100582
|
| 773 |
0 |
|
|t ATM
|g Roč. 45, č. 4 (2013), s. 9-11
|x 1802-4823
|
| 852 |
|
|
|a LMAOSK
|b KIS3GCP
|
| 958 |
|
|
|a NB
|
| 999 |
|
|
|c 2524299
|d 2526229
|